000 005230000a22001810004500
003 MACL
005 20160129120707.0
008 160129b xxu||||| |||| 00| 0 eng d
040 _aMACL
_cMACL
041 _aEnglish
082 _a540/SHA
100 _aSharma, Sanjay
_934303
245 _aNew Pattern AIEEE Chemistry
_bA master resource in Mathematics for All India Engineering Enterance Exam
260 _bArihant Prakashan,Meerut
_aMeerut
350 _a550
650 _aEngineering
_935232
942 _cBK
_k540/SHA
_2ddc
999 _c44750
_d44750